MDQL
is popping MORE tags! Check the
thread
!
Quizzes
Events
Quiz Creation
Community
Videos
Private Events
Remove Ads
Sign In
Join for FREE
Feedback
Dark Mode
Quiz Categories
Sports
Geography
Music
Movies
Television
Just For Fun
Miscellaneous
History
Literature
Language
Science
Gaming
Entertainment
Religion
Holiday
For Kids
Quiz Lab
Recent
Popular Today
Quiz Kudos Today
Editor Picks
Curator Picks
Quizzes by...
Day
Popularity
Type
Ratings
Length
Year
Community
Subscriptions
Recent Discussions
Orange Saloon
Badges
Playlists
Quests
Create
Leaderboards
Showdown
Live 5
Trivia Bingo
Activity
Puzzle Library
Sporcle Events
Private Events
Virtual Trivia
Globe League
Become a Host
Pub Owners
SporcleCon
Opinionation
Our Games
Videos
Blog
Mobile Apps
Partnerships
Remove Ads and Go Orange
Feedback
Science
Computer
Plants
Astronomy
Chemistry
Elements
Math
Animal
Physics
Anatomy
Biology
Geology
General Science
Science
Computer
Plants
Astronomy
Chemistry
Elements
Math
Animal
Physics
Anatomy
Biology
Geology
General Science
Random Quiz
Search Sporcle
×
Quiz Lab
Quiz Lab
Science
Type in answers that appear in a list
Type in answers that appear in a list
Classic
Best Score? Go Orange.
Hyperkalaemia Stats
Can you name the Hyperkalaemia
By
csim2
20m
22 Questions
20 Plays
20 Plays
20 Plays
Comments
Comments
Give Quiz Kudos
Give Quiz Kudos
-
- Ratings
hide this ad
Forced Order
Answers have to be entered in order
Answers have to be entered in order
Replay
Link that replays current quiz
Next Quiz
Link to next quiz in quiz playlist
You Got
0%
They Got
Avg Score
40%
Avg Friend Score
Upgrade to see
Score Distribution
Jump to the score distribution portion of the page
Score
0/22
Timer
20:00
0
Plays Today
Hint
Answer
% Correct
Causing the concentration to reach dangerously _
_
levels
High
100%
Potassium is primarily an _
_
ion
Intracellular
80%
Extensive tissue _
_
can liberate large quantities of potassium into extracellular fluids
Necrosis
80%
However, the most common cause is _
_
Renal failure
75%
Which causes decreased _
_
Urinary potassium excretion
70%
Severe hyperkalaemia can cause _
_
Cardiac arrest
60%
Hyperkalaemia is a serum potassium of over _
_
5.5mmol/L.
60%
Renal causes: _
_
AKI, CKD
50%
Also drug effect on the kidneys: i.e. _
_
Spironolactone, ACE inhibitors, NSAIDs or cyclosporine
45%
Causes of increased circulation potassium
Potassium supplementation, tumour lysis syndrome
40%
Causes of potassium shift to extracellular space
Diabetic ketoacidosis, digoxin toxicity
35%
Hint
Answer
% Correct
Hyperkalaemia, like other fluid|
electrolyte imbalances, is often _
_
Asymptomatic
30%
Non-
specific symptoms of _
_
may occur
Weakness, fatigue & palpitations
30%
_
_
is occasionally a feature
Bradycardia
25%
_
_
must be carried out
FBC
20%
A normocytic normochromic anaemia may indicate _
_
Acute haemolysis
15%
_
_
levels should be taken to rule out toxicity
Digoxin
15%
_
_
should be undertaken to rule out acidosis related to DKA
ABGs
15%
ECG should be done to detect peaked _
_
waves
T
15%
Any prolonged _
_
PR intervals
10%
Wide _
_
QRS complexes
10%
Or missing _
_
P waves
10%
Quiz Playlist
Details
Report
Send in Message
Add To Playlist
Classic:
Type in answers that appear in a list
Forced Order:
Answers have to be entered in order
Last Updated: Feb 16, 2017
Quiz Scoreboard
CHALLENGE
Sign Up to Join the Scoreboard
Show All
Scores
Hide
Comments
May contain spoilers
Recently Published
Image Sorting: Flags VI
by Barbecue
Geography
2m
Find the 'City' Movie
by crazypaving
Movies
60s
Colored Red Africa Blitz
by spor1
Geography
45s
More to Explore
Quiz From the Vault
Featured Blog Post
14 Easter Pick-up Lines to Find Eggs With
hide this ad
You Might Also Like...
Tags
This quiz does not have any tags.
Today's Top Quizzes in Science
Browse Science
hide this ad
Top Contributed Quizzes in Science
1
Windmill: Elements
2
200 Vogels in Nederland
3
Square Numbers Scrambled (1-50)
4
Count to 60
5
Glycolysis
6
Elements In Images
7
17 TIMES TABLE
8
4-letter Elementary Words III
9
The First 100 Digits of Pi
10
Astronomy Spelling Bee
Explore More
Trending Topics
Kpop
Anime
Harry Potter
Marvel
Disney
Crossword
NBA
Soccer
NFL
Song
Country
Puzzle
Pokémon
The Office
WWE
hide this ad
More By:
csim2
Quiz
Plays
Rating
Category
Featured
Created
Hepatitis B Serology
146
Science
Dec 7, 2014
Angina
47
Science
Dec 9, 2014
Autosomal Dominant Polycystic Kidney Disease
46
Science
Dec 8, 2014
Acute pericarditis
37
Science
Dec 9, 2014
Breast Cancer
36
Science
Dec 8, 2014
Go to Creator's Profile
Score Distribution
Quiz Creator Spotlight
csim2
Follow
Send a Message
Quizzes Created
-
Created Quiz Play Count
-
More By This Creator
Popular Quizzes Today
1
Colored Red Africa Blitz
2
Find the US States - No Outlines Minefield
3
Find the 'City' Movie
4
5x2 Blitz: Bands
5
The Countries of the World
6
Find the US States
7
Find the Countries of Europe - No Outlines Minefield
8
US States
More Science Quizzes
Sharp Scientists: Quantum Mechanics
Editor's Pick
Trending Quizzes
Colored Red Europe Blitz I
Colored Red Europe Blitz II
Colored Red Africa Blitz II
Colored Red Europe Blitz III
Colored Red Africa Blitz III
Recently Updated
How Do You Spell That?
pecheneg
Godzilla Movies
pecheneg
Grab Bag: 4-10 Letters
pecheneg
2024 March Madness Bracket
pecheneg
Famous TV Couples
Peacemaker
Champions League XIs: Real Madrid
pecheneg
Largest US Cities 1790-2010
pecheneg
Rides in Walt Disney World
pecheneg
Most Oscar Losses (Acting)
pecheneg
Beyoncé Albums
pecheneg
Trending Topics
Anime
Crossword
Kpop
NBA
Harry Potter
Disney
Marvel
WWE
Soccer
Country
Song
NFL
Pokémon
The Office
Puzzle
Your Account Isn't Verified!
In order to create a playlist on Sporcle, you need to verify the email address you used during registration. Go to your
Sporcle Settings
to finish the process.
Report this User
Report this user for behavior that violates our
Community Guidelines
.
Details:
Send Report
Go to the Sporcle.com Mobile Site →
Comments